000 00452nam a2200181Ia 4500
001 24514
005 20260414151048.0
008 260414t2009||||xx |||||||||||||| ||spa||
041 _aESP
082 _a345.71
_bT52
100 _aTicona Postigo, Victor
_eAUT
245 0 _aEl derecho al debido proceso en el proceso civil
_b
260 _c2009
300 _a1029 páginas :
_c24 cm.
650 _aDER
654 _aCDE
942 _cLIB
_dJUS
_fJUS
_2ddc
_n
999 _c24514
_d24514